000
00270nam a22001217a 4500
999
_c
10903
_d
10903
022
_a
9788126563050
100
_a
MUELLER,John Paul
245
_a
Machine learning in Paython and R
250
_a
Rep
260
_a
New Delhi
_b
Willey
_c
2021
300
_a
410pg
942
_c
BK